| 000 | 00000nam 2200000za 4500 |
| 001 | 9.800667 |
| 003 | CaOODSP |
| 005 | 20221107134643 |
| 007 | cr ||||||||||| |
| 008 | 160505s2015 onco ob f000 0 fre d |
| 020 | |a978-0-660-02260-4 |
| 040 | |aCaOODSP|bfre |
| 043 | |an-cn--- |
| 086 | 1 |aMR4-41/2015F-PDF |
| 110 | 2 |aInstitut de la santé des Autochtones (Canada) |
| 245 | 10|aPlan stratégique de l'Institut de la santé des Autochtones des IRSC 2014-2018 |h[ressource électronique] : |bbien-être, force et résilience des Premières Nations, des Inuits et des Métis : aller au-delà de l’équité en santé. |
| 246 | 37|aPlan stratégique quinquennal de l’Institut de la santé des Autochtones des IRSC 2014-2018 |
| 260 | |aOttawa : |bInstituts de recherche en santé du Canada, |cc2015. |
| 300 | |a38 p. : |bill. |
| 500 | |aPublié aussi en anglais sous le titre : CIHR Institute of Aboriginal Peoples’ Health strategic plan 2014-18 : wellness, strength and resilience of First Nations, Inuit and Métis peoples : moving beyond health equity. |
| 500 | |aL’ISBN (978-0-660-02257-4) de l'édition imprimée a été copié dans l’édition électronique. |
| 504 | |aComprend des références bibliographiques. |
| 530 | |aÉgalement publié en version imprimée. |
| 692 | 07|2gccst|aAutochtones |
| 692 | 07|2gccst|aSanté |
| 692 | 07|2gccst|aInstitution fédérale |
| 692 | 07|2gccst|aGestion stratégique |
| 775 | 08|tCIHR Institute of Aboriginal Peoples' Health strategic plan 2014-18 |w(CaOODSP)9.800665 |
| 776 | 0#|tPlan stratégique 2014-18 de l'Institut de la santé des autochtones des IRSC |w(CaOODSP)9.800666 |
| 794 | |tPlan stratégique 2019-2024 de l’Institut de la santé des Autochtones.|w(CaOODSP)9.875225 |
| 856 | 40|qPDF|s934 Ko|uhttps://publications.gc.ca/collections/collection_2016/irsc-cihr/MR4-41-2015-fra.pdf |